000 01297cad a22002415a 4500
001 L156533
008 120606s2012 xxk 000 0 eng d
035 _a(Sirsi) u156533
041 0 _aeng
110 2 _aInternational Comparative Legal Guides
_96082
245 0 0 _aReal estate
_b2012
_h[electronic resource]
260 _aLondon
_bICLG
_c2012
490 0 _aInternational Comparative Legal Guides
_vReal estate 2012
520 _aCovers the law relating to real estate in 39 jurisdictions together with an introductory chapter. Areas of law covered include: real estate law; ownership; real estate rights; system of registration; the registry/registries; real estate market; liabilities of buyers and sellers in real estate transactions; finance and banking; tax; leases of business premises; public law permits and obligations; and climate change. Access to this online version of the ICLG guide is free after registration.
590 _aKA
651 4 _aInternational
690 _aLandlord and tenant
_96252
690 _aResidential property
_96266
690 _aCommercial property
_96227
700 1 _aLagler, Michael F.
856 4 0 _uhttps://www.iclg.co.uk/practice-areas/real-estate/real-estate-2012
_z View the online guide after free registration at www.iclg.co.uk
942 _n0
999 _c84059
_d84059